| 000 | 00466nam a22001697a 4500 | ||
|---|---|---|---|
| 003 | BD-ChCU | ||
| 005 | 20260503113733.0 | ||
| 008 | 260503b bg ||||| |||| 00| 0 ben d | ||
| 040 | _cBD-ChCU | ||
| 082 | _a658 TOM | ||
| 100 |
_aTosi ,Henry L. _922236 |
||
| 245 |
_aManagement : _bContingencies , Structure and process ./ _cHenry L. Tosi. |
||
| 260 |
_aChicago : _bClair press , _cC 1976 |
||
| 300 | _a588p. | ||
| 650 | 0 |
_aManagement . _922237 |
|
| 942 |
_2ddc _cBK _n0 |
||
| 999 |
_c112597 _d112597 |
||